| 000 | 00655nam a2200205 i 4500 | ||
|---|---|---|---|
| 001 | 122286 | ||
| 003 | ES-MaACL | ||
| 005 | 20250902063105.0 | ||
| 007 | t| | ||
| 008 | 070522s1894 sp ||||1| spa d | ||
| 080 | _a821.134.2-14 | ||
| 100 | 1 |
_aLópez Silva, José, _d1861-1925 _973986 |
|
| 245 | 1 | 4 |
_aLos barrios bajos / _cJ. López Silva ; con un prólogo de Don Ricardo de la Vega. |
| 260 |
_aMadrid : _b[s.n.], _c1894 ( _fTipografía de los hijos de M. G. Hernández) |
||
| 300 |
_a236 p. ; _c20 cm. |
||
| 500 | _aIndice. | ||
| 700 | 1 |
_aVega, Ricardo de la. _9113583 |
|
| 852 |
_aES-MaACL _jF-9368 _bR.142102 |
||
| 999 |
_c122286 _d122286 |
||